000 00481nam a2200157Ia 4500
003 Ost
005 20260507075702.0
008 260507s9999||||xx |||||||||||||| ||und||
040 _cfsecg
041 _aara
100 _aمصطفى، نهال فريد
_eمؤلف
245 0 _aادارة الامداد /
_c نهال فريد مصطفى
260 _aالاسكندرية:
_bدار الجامعة الجديدة للنشر,
_c2002
300 _a438 صفحة؛
942 _cكتاب
999 _c45847
_d45847